FIFA World Cup 2014 Qualifying Match Montenegro 1:1 England - Lineups - Statistics

General Stats
  • This quiz has been taken 22 times
  • The average score is 18 of 46
Answer Stats
Position Answer % Correct
GK Joe Hart
95%
SS (0:1) Wayne Rooney
86%
SS Stevan Jovetić
77%
LB Ashley Cole
73%
MF Frank Lampard
73%
CM (C) Steven Gerrard
68%
CF (C) Mirko Vučinić
64%
RB Stefan Savić
64%
RM James Milner
55%
FW Daniel Sturridge
45%
CF Danny Welbeck
45%
RB Glen Johnson
45%
DF Kyle Walker
45%
Coach Roy Hodgson
45%
MF (77') Ashley Young
41%
CB Chris Smalling
41%
FW Jermain Defoe
41%
GK Ben Foster
36%
FW (46',1:1) Dejan Damjanović
36%
RM Elsad Zverotić
36%
FW Fatos Bećiraj
36%
CB Joleon Lescott
36%
DF Leighton Baines
36%
CB Marko Baša
36%
GK Mladen Božović
36%
LM (75') Vladimir Božović
36%
FW (75') Andrija Delibašić
32%
Coach Branko Brnović
32%
GK Fraser Forster
32%
DF Milan Jovanović
32%
MF Scott Parker
32%
AM (63') Simon Vukčević
32%
CM Michael Carrick
27%
GK Vukašin Poleksić
27%
MF (63') Miloš Krkotić
23%
CB Miodrag Džudović
23%
GK Srđan Blažić
23%
LM (77') Tom Cleverley
23%
MF Alex Oxlade-Chamberlain
18%
DM (46') Mitar Novaković
18%
DF Steven Caulker
14%
LB Vladimir Volkov
14%
DF Blažo Igumanović
9%
MF Filip Kasalica
9%
DF Ivan Kecojević
9%
MF Leon Osman
9%
No matching quizzes found
Score Distribution
Percent of People with Each Score
Percentile by Number Answered
Your Score History
You have not taken this quiz